[Event "London Classic op 7th"]
[Site "London"]
[Date "2015.12.09"]
[Round "7"]
[White "Osborne, Marcus E"]
[Black "Williams, Simon Kim"]
[Result "0-1"]
[WhiteElo "2185"]
[BlackElo "2439"]
[PlyCount "54"]
[EventDate "2015.12.04"]
[EventType "swiss"]
[EventRounds "9"]
[EventCountry "ENG"]
[SourceTitle "CBM 169 Extra"]
[Source "ChessBase"]
[SourceDate "2015.12.18"]
[SourceVersion "1"]
[SourceVersionDate "2015.12.18"]
[SourceQuality "1"]

1. Nf3 d5 2. d4 e6 3. c4 c6 4. Qc2 Be7 5. Nbd2 f5 6. Ne5 Nf6 7. f4 Nbd7 8. c5 Nxe5 9. fxe5 Ne4 10. Nxe4 fxe4 11. e3 0-0 12. Bd2 b6 13. b4 a5 14. cxb6 Bxb4 15. Bxb4 axb4 16. Qxc6 Bd7 17. Qc1 Qxb6 18. Be2 b3 19. axb3 Qb4+ 20. Kd1 Qxb3+ 21. Kd2 Rac8 22. Qa3 Qc2+ 23. Ke1 Bb5 24. Ra2 Qb1+ 25. Bd1 Ra8 26. Rb2 Qxd1+ 27. Kxd1 Rxa3 0-1

[Event "London Classic op 7th"]
[Site "London"]
[Date "2015.12.06"]
[Round "4"]
[White "Osborne, Marcus E"]
[Black "Kjartansson, Gudmundur"]
[Result "1-0"]
[WhiteElo "2185"]
[BlackElo "2477"]
[PlyCount "51"]
[EventDate "2015.12.04"]
[EventType "swiss"]
[EventRounds "9"]
[EventCountry "ENG"]
[SourceTitle "CBM 169 Extra"]
[Source "ChessBase"]
[SourceDate "2015.12.18"]
[SourceVersion "1"]
[SourceVersionDate "2015.12.18"]
[SourceQuality "1"]

1. d4 d6 2. Nf3 g6 3. c4 Bg7 4. Nc3 Nf6 5. g3 0-0 6. Bg2 Nc6 7. 0-0 Bg4 8. Be3 Nd7 9. d5 Bxf3 10. exf3 Na5 11. Bd4 Bh6 12. Qe2 c5 13. Be3 Bg7 14. Ne4 a6 15. Bd2 Rb8 16. Rab1 b5 17. b3 bxc4 18. bxc4 Qc7 19. f4 Rfe8 20. Bh3 Nf6 21. Ng5 h6 22. Nxf7 Rxb1 23. Rxb1 Rf8 24. Be6 Kh7 25. h4 Nb7 26. f5 1-0

[Event "London Classic op 7th"]
[Site "London"]
[Date "2015.12.05"]
[Round "3"]
[White "Cherniaev, Alexander"]
[Black "Osborne, Marcus E"]
[Result "1/2-1/2"]
[WhiteElo "2441"]
[BlackElo "2185"]
[PlyCount "57"]
[EventDate "2015.12.04"]
[EventType "swiss"]
[EventRounds "9"]
[EventCountry "ENG"]
[SourceTitle "CBM 169 Extra"]
[Source "ChessBase"]
[SourceDate "2015.12.18"]
[SourceVersion "1"]
[SourceVersionDate "2015.12.18"]
[SourceQuality "1"]

1. d4 Nf6 2. g3 e6 3. Bg2 c5 4. Nf3 cxd4 5. 0-0 a6 6. Nxd4 Bc5 7. c4 d6 8. b4 Ba7 9. Bb2 Qc7 10. Nd2 e5 11. N4b3 Nc6 12. a3 Be6 13. Rc1 Qd7 14. b5 axb5 15. cxb5 Ne7 16. Nc4 0-0 17. a4 Bd5 18. Ba3 Bxc4 19. Rxc4 d5 20. Rc1 Rfc8 21. Nc5 Qd6 22. Bh3 Bxc5 23. Bxc8 Bxa3 24. Bxb7 Ra7 25. Bxd5 Nfxd5 26. Rc4 Nb6 27. Rc3 Nbd5 28. Rc4 Nb6 29. Rc3 1/2-1/2

[Event "London Classic op 7th"]
[Site "London"]
[Date "2015.12.04"]
[Round "1"]
[White "Barasi, Paul Dl"]
[Black "Osborne, Marcus E"]
[Result "0-1"]
[WhiteElo "1736"]
[BlackElo "2185"]
[PlyCount "74"]
[EventDate "2015.12.04"]
[EventType "swiss"]
[EventRounds "9"]
[EventCountry "ENG"]
[SourceTitle "CBM 169 Extra"]
[Source "ChessBase"]
[SourceDate "2015.12.18"]
[SourceVersion "1"]
[SourceVersionDate "2015.12.18"]
[SourceQuality "1"]

1. d4 d5 2. Bg5 f6 3. Bh4 Nc6 4. e3 Nh6 5. Nf3 Nf5 6. Bd3 Nb4 7. Nc3 Nxd3+ 8. cxd3 e6 9. e4 Nxh4 10. Nxh4 g6 11. 0-0 c6 12. f4 Qb6 13. Nf3 Bh6 14. Na4 Qd8 15. g3 dxe4 16. dxe4 0-0 17. Qd3 b6 18. Rad1 c5 19. Qb3 Qe7 20. d5 exd5 21. exd5 Bb7 22. Rfe1 Qd7 23. Nc3 Rfe8 24. Re6 Bg7 25. Ne4 Rad8 26. Nd6 Qxd6 27. Rxd6 Rxd6 28. Qa4 Red8 29. Qxa7 Bxd5 30. Kf2 Bf8 31. Re1 Bc6 32. a4 c4 33. Re2 Rd3 34. Ne1 Bc5+ 35. Kf1 R3d7 36. Qa6 Rd4 37. Re3 Ra8 0-1